Cuiabá : (Record no. 1371)

MARC details
000 -LÍDER
Campo Fixo de Controle 00668nam a2200241 a 4500
001 - NÚMERO DE CONTROLE
Campo de Controle 1371
003 - IDENTIFICAÇÃO DO NÚMERO DE CONTROLE
Campo de Controle BR-CuiBMT
005 - DATA E HORA DA ÚLTIMA ATUALIZAÇÃO
Campo de Controle 20231206005625.0
008 - DADOS FIXOS
Dados Fixos 231206s2012 mtba 000 0 por d
020 ## - INTERNATIONAL STANDARD BOOK NUMBER
Nº do ISBN 9788580090635
040 ## - AGÊNCIA CATALOGADORA
Código da Agência Catalogadora BR-CuiBMT
Agência que transcreveu o registro BR-CuiBMT
080 ## - Nº DA CLASSIFICAÇÃO DECIMAL UNIVERSAL
Nº edição CDU 2007
Nº Class. CDU 911.375
Subd. Auxiliar Comum (817.2)
090 ## - NÚMERO DE CHAMADA
Nº classificação 911.375(817.2)
Cutter R375c
100 1# - ENTRADA PRINCIPAL -- AUTOR PESSOAL
Nome pessoal Reis, Rai
245 10 - TÍTULO PRINCIPAL
Título principal Cuiabá :
Subtítulo tradição e modernidade /
Indicação de responsabilidade Rai Reis.
246 10 - FORMAS VARIANTES DO TÍTULO
Título principal Cuiabá :
Subtítulo tradition and modernity /
260 ## - PUBLICAÇÃO, DISTRIBUIÇÃO, ETC.
Local de publicação Cuiabá :
Editora Carlini & Caniato Editorial,
Data 2012.
300 ## - DESCRIÇÃO FÍSICA
Dimensões 24 cm
650 ## - ASSUNTO TÓPICO
Cabeçalho tópico ou nome geográfico Cuiabá
Subdivisão de forma imagens
650 ## - ASSUNTO TÓPICO
Cabeçalho tópico ou nome geográfico Cuiabá
Subdivisão de forma história
650 ## - ASSUNTO TÓPICO
Cabeçalho tópico ou nome geográfico Modernidade
942 ## - ELEMENTOS DE ENTRADA ADICIONAIS (KOHA)
Fonte de classificação ou esquema de arquivamento Classificação Decimal Universal
Tipo de item do Koha Livros
Holdings
Estado: removido Estado: perdido Fonte de classificação ou esquema de arquivamento Estado: danificado Indisponível para empréstimo Localização permanente Localização atual Data de aquisição Total Checkouts Número de Chamada completo Código de barras Date last seen Número do exemplar Preço efetivo a partir de Tipo de item (Koha)
    Classificação Decimal Universal     Biblioteca da Escola Superior de Contas do TCE/MT Biblioteca da Escola Superior de Contas do TCE/MT 05/12/2023   911.375(817.2) R375c BIBTCEMT23120251 06/12/2023 Ex. 1 06/12/2023 Livros

Powered by Koha